Central Library OPAC University of Rajshahi

Milton : (Record no. 77402)

MARC details
000 -LEADER
fixed length control field 00627nam a22002177a 4500
001 - CONTROL NUMBER
control field 77402
003 - CONTROL NUMBER IDENTIFIER
rucl marc code BD-RjUL
005 - DATE AND TIME OF LATEST TRANSACTION
control field 20211209082952.0
008 - FIXED-LENGTH DATA ELEMENTS--GENERAL INFORMATION
fixed length control field 200820r19611875enk||||| |||| 00| 0 eng d
035 ## - SYSTEM CONTROL NUMBER
System control number (BD-RjUL)77627
040 ## - CATALOGING SOURCE
Original cataloging agency BD-RjUL
Language of cataloging eng
Transcribing agency BD-RjUL
041 ## - LANGUAGE CODE
Language code of text/sound track or separate title eng
082 ## - DEWEY DECIMAL CLASSIFICATION NUMBER
Edition number 23
Classification number 821.4
Author mark and year HAM 1961
100 ## - MAIN ENTRY--PERSONAL NAME
Personal name Hales, John W.
9 (RLIN) 241221
245 10 - TITLE STATEMENT
Title Milton :
Remainder of title areopagitica /
Statement of responsibility, etc. John W. Hales
260 ## - PUBLICATION, DISTRIBUTION, ETC. (IMPRINT)
Place of publication, distribution, etc. London :
Name of publisher, distributor, etc. Oxford University Press,
Date of publication, distribution, etc. 1875 [impression 1961]
300 ## - PHYSICAL DESCRIPTION
Pagination xlv, 160 p.;
Size 17 cm.
600 ## - SUBJECT ADDED ENTRY--PERSONAL NAME
Personal name Milton, John,
Dates associated with a name 1608-1674.
650 ## - SUBJECT ADDED ENTRY--TOPICAL TERM
Topical term or geographic name as entry element English poetry.
9 (RLIN) 241223
942 ## - ADDED ENTRY ELEMENTS (KOHA)
Source of classification or shelving scheme Dewey Decimal Classification
Koha item type Books
Holdings
Lost status Source of classification or shelving scheme Damaged status Not for loan Collection code Permanent Location Current Location Shelving location Date acquired Source of acquisition Cost, normal purchase price Total Checkouts Full call number Date last seen Copy number Koha item type
  Dewey Decimal Classification   Not For Loan Non-fiction Central Library, University of Rajshahi Central Library, University of Rajshahi Reading Room 07/12/1965 Zeitlinger 9.60   821.4 HAM 1961 20/08/2020 C-1 Books